000 01418nam0a22003131 4500
001 rc\2282501
005 20260407080025.0
035 _a(NLR Aleph) 006561632
090 _a6849780
_c6849780
100 _a20110829d1977 |||y0rusy50 ca
101 0 _arus
102 _aRU
105 _aa z |||||
200 1 _aЭволюция темпов индивидуального развития животных
_e[Сборник статей]
_fАН СССР, Ин-т эволюц. морфологии и экологии животных им. А.Н. Северцова
_g[Отв. ред. проф. С.В. Емельянов]
210 _aМосква
_cНаука
_d1977
215 _a340 с.
_cил.
_d21
320 _aСписки лит. в конце статей
606 _aОнтогенез животных
_jСборники
_2psbo
606 _aЭволюция животных
_jСборники
_2psbo
686 _aЕ63,2я43
_2rubbk
702 1 _aЕмельянов
_bС.В.
_gСергей Владимирович
_4340
712 0 2 _aИнститут эволюционной морфологии и экологии животных им. А. Н. Северцова
_cМосква
_9280711
_3RU\NLR\AUTH\884586
801 0 _aRU
_bNLR
_gpsbo
801 1 _aRU
_bELAR
_2rusmarc
852 _aNLR
_j77-5/4157
899 _aRuMoRGB
_jБ 77-8/1187
899 _aRuMoRGB
_jБ 77-8/1188
942 _cBOOK
980 _aNB